| 000 | 00946nam a2200217Ia 4500 | ||
|---|---|---|---|
| 001 | 853-SIL ig fo (15486) | ||
| 003 | IT-MiSPE | ||
| 008 | 171229s9999||||xx |||||||||||||| ||und|| | ||
| 040 |
_aIT-MiSPE _cIT-MiSPE |
||
| 041 | _aITALIANO | ||
| 100 | _aIgnazio Silone | ||
| 245 | 0 | _aFontamara | |
| 250 | _a1a ed. (v) | ||
| 260 |
_aNilano _bMondadori; Famiglia Cristiana _c1997 |
||
| 300 |
_a208 p. _c21 cm |
||
| 490 |
_aNovecento italiano _v10 |
||
| 501 | _aEdizioni San Paolo srl - Piazza Soncino, 5 - 20092 CINISELLO BALSAMO (MI) (non commercial uses only) ® Copyright 2018 | ||
| 942 | _cBK | ||
| 957 | _71 | ||
| 999 |
_a1863 _bNO _g Copie: 1 _c354514 _d354514 |
||